000 00716cam a22002413a 4500
001 8884
003 PGUSA
005 20140828083206.0
008 050901s2005||||xxu|||||s|||||000 | eng d
040 _aPGUSA
_beng
042 _adc
050 4 _aDS
100 1 _aBurckhardt, John Lewis,
_d1784-1817
245 1 0 _aTravels in Syria and the Holy Land
_h[electronic resource] /
_cJohn Lewis Burckhardt
260 _bProject Gutenberg,
_c2005
506 _aPublic domain in the USA.
516 _aElectronic text
653 _aSyria -- Description and travel
653 _aPalestine -- Description and travel
830 0 _aProject Gutenberg
_v8884
856 4 0 _uhttp://www.gutenberg.org/ebooks/8884
942 _cEB
999 _c238168
_d238168